000 00571cam a2200193 a 4500
001 000007802
005 20200929154313.0
008 991115s1999 sp 000 1 spa
020 _a842079239X
040 _aDO-SdBNP
_bspa
_cBNPHU
082 _a863.64
_bD668a
100 1 _aDomene, Francisco,
_d1960-
_921510
245 1 0 _aAna y el misterio de la tierra de Mu /
_cFrancisco Domene.
260 _aMadrid :
_bAnaya,
_c1999.
300 _a219 p. ;
_c23 cm.
490 1 _aEspacio Abierto ;
_vno. 74.
650 4 _aNovela espaƱola
_91123
650 4 _aLiteratura espaƱola
_9632
999 _c7580
_d7580